• 首页
  • 本馆介绍
  • 公告通知
  • 最新文献
  • 馆藏检索
  • 电子资源
  • 读者导购
  • 参考咨询
  • 我的图书馆
  • 登录
  • 详细信息显示
  • 放入我的书架
  • 预约/预借图书
  • 作者相关作品
  • 分类相关作品
  • 丛书相关作品
  • 出版社相关作品

书目信息

  • 表格格式
  • 工作单格式
  • 卡片格式
题名:
数字图像处理
    
 
作者: 夏良正 主编
分册:  
出版信息: 南京   东南大学出版社  1999
页数: 403页
开本: 26cm
丛书名:
单 册:
中图分类: TN919.8
科图分类:
主题词: 图象通信
电子资源:
ISBN: 7-81050-525-4
000 00650nam0 2200229 45
001 2000007636
005 20050602100639.3
010    @a7-81050-525-4@dCNY32.00
100    @a19991118e1999 kemy0chiy0121 eb
101 0  @achi
102    @aCN@b320000
105    @ay z 000yy
200 1  @a数字图像处理@Ashu zi tu xiang chu li@f夏良正主编@FXia Liang Zheng Zhu Bian
205    @a新1版@b修订本
210    @a南京@c东南大学出版社@d1999
215    @a403页@d26cm
300    @a高等学校电子信息类规划教材
606 0  @a图象通信
690    @aTN919.8@v3
701  0 @a夏良正@4主编
801    @a@b天津图书馆@aCN@c20050602
905    @f5@b355153-157@dTN919.8@e40=2
    
    数字图像处理/夏良正主编.-新1版,修订本.-南京:东南大学出版社,1999
    403页;26cm
    高等学校电子信息类规划教材
    
    ISBN 7-81050-525-4:CNY32.00
    
●
相关链接 在E读中查询图书 在五车中查询图书 在当当中查询图书 在豆瓣中查询图书


正题名:数字图像处理     索取号:TN919.8/40=2         预约/预借

序号 登录号 条形码 馆藏地/架位号 状态 备注
1 0355153   3551533   第二样本阅览室/ [索取号:TN919.8/40=2] 在馆    
2 0355154   3551542   第三借阅区/ [索取号:TN919.8/40=2] 在馆    
3 0355155   3551551   第三借阅区/ [索取号:TN919.8/40=2] 在馆    
4 0355156   3551560   第三借阅区/ [索取号:TN919.8/40=2] 在馆    
5 0355157   3551579   第三借阅区/ [索取号:TN919.8/40=2] 在馆    
唐山师范学院图书馆 欢迎您!
大连网信软件有限公司© 版权所有